[Event "Linares"]
[Site "Linares"]
[Date "1993.??.??"]
[Round "2"]
[White "Salov, Valery"]
[Black "Gelfand, Boris"]
[Result "1/2-1/2"]
[WhiteElo "2660"]
[BlackElo "2690"]

1.d4 Nf6 2.Nf3 g6 3.g3 Bg7 4.Bg2 O-O 5.O-O d6 6.a4 Na6 7.Nc3 c5 8.h3 cxd4
9.Nxd4 Nc5 10.Be3 Bd7 11.a5 Qc8 12.Kh2 d5 13.Nf3 e6 14.Bd4 Rd8 15.Ne5 Qc7
16.f4 Be8 17.e3 Nfe4 18.Qe1 Nd6 19.Ng4 Nd7 20.Bxg7 Kxg7 21.Qd2 h5 22.Nf2 Kg8
23.e4 Nc4 24.Qd4 Qc5 25.Qxc5 Nxc5 26.exd5 Ne3 27.Rfc1 Nxg2 28.Kxg2 exd5 29.Na2 d4
30.Nb4 Rac8 31.Rd1 Na4 32.Nfd3 Bb5 33.Rd2 Re8 34.Kf2 Kg7 35.Re1 Rxe1 36.Kxe1 Bd7
37.h4 Bf5 38.Kf2 b6 39.axb6 Nxb6 40.Re2 a5 41.Na6 Nd5 42.Nac5 Ne3 43.b3 Bg4
44.Rd2 Bd1 45.Nb7 Bxc2 46.Nxa5 Rc3 47.Ne5 f6 48.Nec6 Ng4+ 49.Ke1 Be4 50.Nxd4 Rxg3
51.Re2 f5 52.Ne6+ Kf6 53.Ng5 Rg1+ 54.Kd2 Rh1 55.b4 Bd5 56.Nh7+ Kf7 57.Ng5+ Kf6
58.Nh7+ Kf7 59.Ng5+ Kf6 60.Nh7+  1/2-1/2

[Event "Linares"]
[Site "Linares"]
[Date "1993.??.??"]
[Round "3"]
[White "Karpov, Anatoly"]
[Black "Beliavsky, Alexander G"]
[Result "1-0"]
[WhiteElo "2725"]
[BlackElo "2610"]

1.d4 Nf6 2.c4 e6 3.Nf3 b6 4.g3 Ba6 5.b3 Bb4+ 6.Bd2 Be7 7.Bg2 c6 8.Bc3 d5
9.Ne5 Nfd7 10.Nxd7 Nxd7 11.Nd2 O-O 12.O-O Rc8 13.e4 c5 14.exd5 exd5 15.dxc5 dxc4
16.c6 cxb3 17.Re1 Bb5 18.axb3 Bxc6 19.Bxc6 Rxc6 20.Rxa7 Bf6 21.Nc4 Nc5 22.Qxd8 Rxd8
23.Bxf6 Rxf6 24.b4 Ne6 25.Nxb6 Ng5 26.Rd7 Nf3+ 27.Kf1 Rb8 28.Red1 Kf8 29.Nd5 Re6
30.Nc7 Rh6 31.h4 g5 32.hxg5 Nxg5 33.R1d5 Ne4 34.Rd8+ Rxd8 35.Rxd8+ Kg7 36.Ne8+ Kg6
37.Kg2 f6 38.Rd7 Rh5 39.Rg7+ Kh6 40.Re7 f5 41.Re6+ Kg5  1-0

[Event "Linares"]
[Site "Linares"]
[Date "1993.??.??"]
[Round "4"]
[White "Timman, Jan H"]
[Black "Shirov, Alexei"]
[Result "1/2-1/2"]
[WhiteElo "2635"]
[BlackElo "2670"]

1.e4 c5 2.Nf3 d6 3.Nc3 Nf6 4.e5 dxe5 5.Nxe5 a6 6.Be2 e6 7.O-O Qc7 8.Nc4 b5
9.Bf3 Ra7 10.Ne3 Nc6 11.a4 Nd4 12.axb5 axb5 13.Rxa7 Qxa7 14.d3 Be7 15.Ne4 Nd7
16.Bh5 g6 17.c3 Nc6 18.Bf3 Bb7 19.Nc2 Nce5 20.Be2 c4 21.Nd4 Qa4  1/2-1/2

[Event "Linares"]
[Site "Linares"]
[Date "1993.??.??"]
[Round "4"]
[White "Ivanchuk, Vassily"]
[Black "Jussupow, Artur"]
[Result "1/2-1/2"]
[WhiteElo "2710"]
[BlackElo "2645"]

1.e4 e5 2.Nf3 Nf6 3.d4 Nxe4 4.Bd3 d5 5.Nxe5 Nd7 6.Nxd7 Bxd7 7.O-O Bd6 8.c4 c6
9.cxd5 cxd5 10.Qh5 O-O 11.Qxd5 Bc6 12.Qh5 g6 13.Qh3 Rc8 14.Bh6 Re8 15.Nd2 Bd7
16.Qf3 Qh4 17.g3 Nxd2 18.Bxd2 Qxd4 19.Bc3 Qg4 20.Qxg4  1/2-1/2

[Event "Linares"]
[Site "Linares"]
[Date "1993.??.??"]
[Round "4"]
[White "Beliavsky, Alexander G"]
[Black "Gelfand, Boris"]
[Result "1/2-1/2"]
[WhiteElo "2610"]
[BlackElo "2690"]

1.d4 Nf6 2.c4 e6 3.Nf3 b6 4.g3 Ba6 5.b3 d5 6.cxd5 exd5 7.Bg2 Bb4+ 8.Bd2 Bxd2+
9.Qxd2 O-O 10.O-O Re8 11.Nc3 Ne4 12.Nxe4 dxe4 13.Ng5 Nc6 14.Qf4 f6 15.Nxe4 Nxd4
16.Nc3 g5 17.Qg4 Nxe2+ 18.Nxe2 Bxe2 19.Qa4 Bxf1 20.Bxa8 Bh3 21.Bg2 Bxg2 22.Kxg2 Qa8+
23.Kg1 Re7 24.Rc1 c5 25.b4 cxb4 26.Qxb4 Qe4 27.Qb3+ Kg7 28.Rc8 Rd7 29.h3 Kh6
30.Rc1 Qd5 31.Qc3 Kg6 32.a4 Re7 33.Qb4 Kf7 34.h4 gxh4 35.Qxh4 Qe4 36.Qh5+ Kg7
37.a5 Qb4 38.axb6 Re1+ 39.Rxe1 Qxe1+ 40.Kg2 Qe4+ 41.Kg1 Qe1+ 42.Kg2 Qe4+
43.f3 Qe2+ 44.Kg1 Qd1+ 45.Kg2 Qd2+ 46.Kf1 Qd3+ 47.Kg2 axb6 48.Qe8 Qc2+ 49.Kh3 Qf5+
50.Kg2 Qc2+ 51.Kh3 Qc7 52.Kg2 Qd6 53.Qc8 Qe7 54.Qc6 Qe2+ 55.Kg1 Qe3+ 56.Kg2 Qd2+
57.Kh3 Qh6+ 58.Kg2 Qd2+ 59.Kh3 Qd8 60.Kg2 h5 61.Qb7+ Kh6 62.Qf7 b5 63.f4 Qh8
64.Kh2 Qg7 65.Qe8 b4 66.Qb8 h4 67.gxh4 Qe7 68.Kg3 Qe3+  1/2-1/2

[Event "Linares"]
[Site "Linares"]
[Date "1993.??.??"]
[Round "5"]
[White "Jussupow, Artur"]
[Black "Kramnik, Vladimir"]
[Result "1/2-1/2"]
[WhiteElo "2645"]
[BlackElo "2685"]

1.d4 d5 2.Nf3 c6 3.c4 Nf6 4.e3 Bf5 5.cxd5 cxd5 6.Qb3 Qc7 7.Bd2 e6 8.Na3 Nc6
9.Rc1 a6 10.Qa4 Be7 11.Bb5 O-O 12.Bxc6 bxc6 13.Ne5 c5 14.O-O Rfc8 15.f3 Qb7
16.Bc3 Bd6 17.Nb1 Qb5 18.Qd1 cxd4 19.Bxd4 Nd7 20.Nxd7 Qxd7 21.f4 f6 22.Rxc8+ Rxc8
23.Nc3 Qb7 24.g4 Bg6 25.f5 Bf7 26.fxe6 Bxe6 27.Rf2 Qf7 28.Rg2 Be5 29.Qf3 Rc4
30.Ne2 Qg6 31.h3 Qb1+ 32.Qf1 Qd3 33.Rf2 Bxd4 34.exd4 h5 35.Nf4 Qe3 36.Kh2 Rxd4
37.Nxh5 Bf7 38.Ng3 Bg6 39.Re2 Rd2 40.Rxd2 Qxd2+ 41.Qe2 Qd4 42.h4 Kh7 43.Kh3 a5
44.b3 Qc3 45.h5 Be4 46.Kh4 Bb1 47.Qd1 Bxa2 48.Qxd5 Bxb3 49.Qe4+ Kh8 50.Qe8+ Bg8
51.h6 gxh6 52.Qf8 Qc7 53.Qxf6+ Qg7 54.Qd6 Qg5+  1/2-1/2

[Event "Linares"]
[Site "Linares"]
[Date "1993.??.??"]
[Round "5"]
[White "Karpov, Anatoly"]
[Black "Ivanchuk, Vassily"]
[Result "1/2-1/2"]
[WhiteElo "2725"]
[BlackElo "2710"]

1.d4 Nf6 2.c4 e6 3.Nf3 b6 4.g3 Bb7 5.Bg2 Be7 6.Nc3 O-O 7.d5 Bb4 8.Bd2 Bxc3
9.Bxc3 exd5 10.Nh4 Ne4 11.cxd5 Nxc3 12.bxc3 d6 13.O-O Nd7 14.e4 Nc5 15.Qd4 Ba6
16.Rfe1 Qd7 17.f4 f6 18.Nf3 Rae8 19.e5 dxe5 20.fxe5 fxe5 21.Nxe5 Qd6 22.Re3 Bb5
23.Rae1 Nd7 24.Nc6 Rxe3 25.Rxe3 Nf6 26.g4 Bxc6 27.dxc6 Qxd4 28.cxd4 Re8 29.Ra3 Nxg4
30.Rxa7 Re1+ 31.Bf1 Rc1 32.Rxc7 Kf8 33.Rc8+ Ke7 34.c7 Kd6 35.Rh8 Kxc7 36.Rxh7 Kd6
37.Rxg7 Nxh2 38.Kxh2 Rxf1 39.Kg2 Ra1 40.Kf3 Rxa2 41.Ke4 Re2+ 42.Kd3 Re8  1/2-1/2

[Event "Linares"]
[Site "Linares"]
[Date "1993.??.??"]
[Round "5"]
[White "Shirov, Alexei"]
[Black "Beliavsky, Alexander G"]
[Result "0-1"]
[WhiteElo "2670"]
[BlackElo "2610"]

1.d4 Nf6 2.c4 e6 3.Nf3 d5 4.Nc3 Be7 5.Bg5 h6 6.Bh4 O-O 7.e3 b6 8.Bd3 Bb7
9.O-O Nbd7 10.cxd5 Nxd5 11.Bxe7 Qxe7 12.Re1 c5 13.e4 Nf4 14.d5 exd5 15.exd5 Qd6
16.Bc4 Nf6 17.Nb5 Qd8 18.d6 Ne4 19.d7 Qf6 20.Re3 Rad8 21.Qe1 a6 22.Rxe4 axb5
23.Rxf4 Qxf4 24.Bxb5 Bxf3 25.gxf3 Qxf3 26.Rd1 Qg4+ 27.Kh1 f5 28.Rd6 Kh8 29.Qe3 Kh7
30.a4 Rf7 31.f3 Qh4 32.Qe6 Rf6 33.Qe7 Qf4 34.Rxf6 Qc1+ 35.Kg2 Qxb2+ 36.Kh3 Qxf6
37.Qe8 h5 38.Kg2 Kh6 39.Kf1 h4 40.h3 c4 41.Ke2 g5 42.Kd1 g4 43.fxg4 fxg4
44.hxg4 h3 45.Kc2 Kg7 46.Bc6 h2 47.Be4 Qg5 48.Kc3 Qa5+ 49.Kd4 Qc5+ 50.Kc3 Qa3+
51.Kd4 Qd6+ 52.Kxc4 Rxd7  0-1

[Event "Linares"]
[Site "Linares"]
[Date "1993.??.??"]
[Round "7"]
[White "Jussupow, Artur"]
[Black "Salov, Valery"]
[Result "1/2-1/2"]
[WhiteElo "2645"]
[BlackElo "2660"]

1.d4 Nf6 2.c4 e6 3.Nc3 Bb4 4.e3 c5 5.Bd3 Nc6 6.a3 Bxc3+ 7.bxc3 b6 8.Ne2 O-O
9.e4 Ne8 10.O-O Ba6 11.f4 f5 12.Ng3 g6 13.Be3 d6 14.d5 Ne7 15.exf5 gxf5 16.Nh5 Nf6
17.dxe6 Bb7 18.Bf2 Nxh5 19.Qxh5 Qe8 20.Qg5+ Qg6 21.Bh4 Rae8 22.g4 Bc8 23.Rae1 h6
24.Qxg6+ Nxg6 25.Bg3 Rxe6 26.Rxe6 Bxe6 27.Re1 Bd7 28.Bc2 Kf7 29.gxf5 Ne7
30.f6 Nf5 31.Bxf5 Bxf5 32.Bh4 Re8 33.Re7+ Rxe7 34.fxe7 Be6 35.Kf2 Bxc4 36.Ke3 b5
37.f5 Bd5 38.f6 Bc6 39.Bg3 Ke6 40.f7 Kxe7 41.Bxd6+  1/2-1/2

[Event "Linares"]
[Site "Linares"]
[Date "1993.??.??"]
[Round "7"]
[White "Shirov, Alexei"]
[Black "Karpov, Anatoly"]
[Result "1/2-1/2"]
[WhiteElo "2670"]
[BlackElo "2725"]

1.d4 Nf6 2.c4 e6 3.Nf3 b6 4.a3 Ba6 5.Qb3 d5 6.cxd5 Qxd5 7.Qc2 c5 8.Nc3 Qd7
9.dxc5 Bxc5 10.g3 Bb7 11.Bg2 Nc6 12.O-O Nd4 13.Nxd4 Bxg2 14.Kxg2 Bxd4 15.Rd1 Qc6+
16.f3 Be5 17.Bg5 O-O 18.Rac1 Rad8 19.Rxd8 Rxd8 20.Ne4 Qxc2 21.Rxc2 Nd5 22.Nf2 f6
23.Bd2 Rd7 24.Rc8+ Kf7 25.Nd3 Bd6 26.Kf2 Ne7 27.Rc2  1/2-1/2

[Event "Linares"]
[Site "Linares"]
[Date "1993.??.??"]
[Round "8"]
[White "Salov, Valery"]
[Black "Kramnik, Vladimir"]
[Result "1-0"]
[WhiteElo "2660"]
[BlackElo "2685"]

1.c4 e5 2.Nc3 Bb4 3.Nd5 Bd6 4.d4 c6 5.dxe5 Bxe5 6.Nf3 d6 7.Nxe5 dxe5 8.Nc3 Qxd1+
9.Nxd1 Be6 10.b3 a5 11.Bb2 f6 12.Nc3 Na6 13.O-O-O Nh6 14.h3 Nf7 15.e3 O-O
16.Be2 Nb4 17.f4 b5 18.g4 exf4 19.exf4 bxc4 20.bxc4 f5 21.a3 Na6 22.Na4 Rab8
23.Rhg1 fxg4 24.hxg4 Rfe8 25.Rd2 Nd8 26.f5 Bf7 27.g5 Nb7 28.g6 hxg6 29.fxg6 Be6
30.Rg5 Rbd8 31.Rxd8 Rxd8 32.Re5 Re8 33.Kd2 Nd6 34.Bd4 Nc7 35.Kc3 Bf5 36.Bd3 Bxd3
37.Kxd3 Rd8 38.Nc5 Na8 39.Ne4 Nxe4 40.Kxe4 Nc7  1-0

[Event "Linares"]
[Site "Linares"]
[Date "1993.??.??"]
[Round "9"]
[White "Jussupow, Artur"]
[Black "Beliavsky, Alexander G"]
[Result "1/2-1/2"]
[WhiteElo "2645"]
[BlackElo "2610"]

1.d4 Nf6 2.Nf3 e6 3.Bg5 c5 4.e3 h6 5.Bh4 b6 6.c3 Be7 7.Nbd2 O-O 8.e4 cxd4
9.cxd4 d5 10.Bxf6 Bxf6 11.e5 Be7 12.Bb5 Ba6 13.a4 Bb7 14.O-O a6 15.Bd3 Nc6
16.Re1 Bb4 17.Re3 Na5 18.Nf1 Rc8 19.Ng3 Nc4 20.Re2 Be7 21.Nh5 b5 22.axb5 axb5
23.b3 Na3 24.Qd2 b4 25.Qf4 Kh8 26.Nxg7 Kxg7 27.Qg4+ Kh8 28.Qh5 Kg7 29.Qg4+ Kh8
30.Qh5 Kg7 31.Qg4+ Kh8 32.Qh5  1/2-1/2

[Event "Linares"]
[Site "Linares"]
[Date "1993.??.??"]
[Round "10"]
[White "Timman, Jan H"]
[Black "Bareev, Evgeny"]
[Result "0-1"]
[WhiteElo "2635"]
[BlackElo "2670"]

1.e4 e5 2.Nf3 Nf6 3.Nxe5 d6 4.Nf3 Nxe4 5.d4 d5 6.Bd3 Be7 7.O-O Nc6 8.c4 Nb4
9.Be2 O-O 10.Nc3 Be6 11.Be3 Bf5 12.Rc1 dxc4 13.Bxc4 c6 14.Ne5 Nxc3 15.bxc3 Nd5
16.Re1 Ba3 17.Qf3 Bxc1 18.Bxc1 Be6 19.Bd3 Qa5 20.Bd2 Qxa2 21.Bg5 Qa5 22.Qh5 f5
23.Bd2 Rae8 24.h3 Qd8 25.Rb1 Qc7 26.c4 Nf6 27.Qf3 Nd7 28.Bf4 Nxe5 29.Bxe5 Qd7
30.Qf4 a6 31.Rb6 Rf7 32.Be2 Qd8 33.Rb3 Rd7 34.Rg3 Rde7 35.Qh6 Qd7 36.Bd3 Rf7
37.d5 Ree7 38.d6 Re8 39.c5 a5 40.Bc2 a4 41.Bxa4 Bd5 42.Qf4 Re6 43.Re3 Qd8
44.h4 Rh6 45.Rh3 Rg6 46.f3 Qa5 47.Kh2 Qxc5 48.h5 Re6 49.Rg3 h6 50.Bc2 Ba2
51.d7 Rxd7 52.Qxf5 Rxe5  0-1

[Event "Linares"]
[Site "Linares"]
[Date "1993.??.??"]
[Round "11"]
[White "Salov, Valery"]
[Black "Timman, Jan H"]
[Result "1/2-1/2"]
[WhiteElo "2660"]
[BlackElo "2635"]

1.d4 Nf6 2.c4 e6 3.Nf3 b6 4.g3 Ba6 5.b3 Bb4+ 6.Bd2 Be7 7.Bg2 c6 8.Bc3 d5
9.Nbd2 Nbd7 10.O-O O-O 11.Re1 c5 12.e4 dxc4 13.bxc4 cxd4 14.Nxd4 Ne5 15.Nxe6 fxe6
16.Bxe5 Bc5 17.Rf1 Qd3 18.Bxf6 Rxf6 19.Nb3 Qxd1 20.Raxd1 Rc8 21.Nxc5 Rxc5
22.Rd7 Rf7 23.Rd8+ Rf8 24.Rfd1 Bxc4 25.R8d7 Rf7 26.Rd8+ Rf8 27.R8d7 Rf7  1/2-1/2

[Event "Linares"]
[Site "Linares"]
[Date "1993.??.??"]
[Round "11"]
[White "Jussupow, Artur"]
[Black "Karpov, Anatoly"]
[Result "0-1"]
[WhiteElo "2645"]
[BlackElo "2725"]

1.d4 Nf6 2.c4 e6 3.Nc3 Bb4 4.e3 c5 5.Bd3 Nc6 6.a3 Bxc3+ 7.bxc3 O-O 8.Ne2 b6
9.e4 Ne8 10.O-O Ba6 11.f4 f5 12.Ng3 g6 13.Be3 cxd4 14.cxd4 d5 15.cxd5 Bxd3
16.Qxd3 fxe4 17.Qxe4 Qxd5 18.Qxd5 exd5 19.Rac1 Rc8 20.f5 Nd6 21.fxg6 hxg6
22.Rxf8+ Kxf8 23.h4 Nc4 24.Bg5 Nxd4 25.h5 gxh5 26.Rf1+ Ke8 27.Nxh5 Nxa3 28.Ng7+ Kd7
29.Rf7+ Kc6 30.Rxa7 Nac2 31.Bf6 b5 32.g4 b4 33.Ra2 b3 34.Rb2 Kc5 35.Nf5 Rg8
36.Nxd4 Rxg4+ 37.Kf2 Nxd4 38.Bxd4+ Kxd4 39.Rxb3 Re4 40.Ra3 Re8  0-1

[Event "Linares"]
[Site "Linares"]
[Date "1993.??.??"]
[Round "12"]
[White "Ivanchuk, Vassily"]
[Black "Timman, Jan H"]
[Result "1-0"]
[WhiteElo "2710"]
[BlackElo "2635"]

1.d4 Nf6 2.c4 g6 3.Nc3 d5 4.Nf3 Bg7 5.Qb3 dxc4 6.Qxc4 O-O 7.e4 Bg4 8.Be3 Nfd7
9.Qb3 Nb6 10.Rd1 Nc6 11.d5 Ne5 12.Be2 Nxf3+ 13.gxf3 Bh5 14.Rg1 Qc8 15.Rg3 c6
16.a4 Qc7 17.Qa3 f5 18.dxc6 bxc6 19.a5 Nc8 20.Qc5 fxe4 21.Nb5 Qxa5+ 22.b4 Qa4
23.Bd4 Bxf3 24.Bxg7 Bxe2 25.Nc3 Qc2 26.Bxf8 Bxd1 27.Bh6 Nd6 28.Qe5 Nf5 29.Qe6+ Kh8
30.Qe5+ Kg8 31.Qxf5 Qxc3+ 32.Rxc3 gxf5 33.Kxd1 a5 34.Rc5 a4 35.Ra5 Rd8+ 36.Bd2 f4
37.Kc2 a3 38.Bxf4  1-0

[Event "Linares"]
[Site "Linares"]
[Date "1993.??.??"]
[Round "12"]
[White "Beliavsky, Alexander G"]
[Black "Salov, Valery"]
[Result "1/2-1/2"]
[WhiteElo "2610"]
[BlackElo "2660"]

1.Nf3 d5 2.d4 Bf5 3.c4 e6 4.Nc3 c6 5.Bg5 Nf6 6.cxd5 exd5 7.Qb3 Qb6 8.Bxf6 gxf6
9.Nd2 Nd7 10.e3 a5 11.Qxb6 Nxb6 12.Be2 Bd6 13.O-O O-O 14.Rac1 a4 15.Rfd1 a3
16.b3 Bb4 17.Nf1 Rfe8 18.Ng3 Bg6 19.h4 h6 20.Bd3 Nc8 21.Nce2 Bd6 22.h5 Bxd3
23.Rxd3 Bxg3 24.Nxg3 Nd6 25.f3 f5 26.Kf2 Kg7 27.Ne2 Kf6 28.Nf4 Ke7 29.Rdc3 Ra6
30.Nd3 Rb6 31.Ne5 Rg8 32.Nd3 Ra8 33.Rh1 Nb5 34.Rcc1 Rg8 35.Rh3 Nd6 36.Rh4 Rg5
37.Ne5 Ra6 38.Nd3 Ra8 39.Rhh1 Rgg8 40.Nf4 Ra6 41.Rc5 Kd7 42.Nd3 Ke7 43.Rb1 Rga8
44.Ne5 Rg8 45.Rc2 Rg5 46.Rh1 Ra8 47.Nd3 Rgg8 48.Nf4 Ra5 49.Ke2 Kd7 50.Rhc1 Rga8
51.Kd3 Rg8 52.Re2 Rb5 53.Kd2 Ra5 54.Nd3 Rg5 55.Rh1 Ra8 56.Nf4 Nb5 57.Rh4 Rag8
58.Rf2 Kd6 59.Rh2 Nc7 60.Nd3 Nb5 61.Ke1 Re8 62.Re2 Re7 63.Kf2 Kc7 64.Rc2 Kb6
65.Rh1 Re8 66.Nf4 Reg8 67.Rb1 R5g7 68.Kf1 Re8 69.Re1 Rg5 70.Kf2 Reg8 71.Rb1 Nc7
72.b4 Nb5 73.Rb3 R5g7 74.Rc5 Ra8 75.Rc2 Rag8 76.Kf1 Rg5 77.Ke1 Re8 78.Kf2 Reg8
79.Rc1 R5g7 80.Rbb1 Rg5 81.Rc5  1/2-1/2

[Event "Linares"]
[Site "Linares"]
[Date "1993.??.??"]
[Round "13"]
[White "Timman, Jan H"]
[Black "Beliavsky, Alexander G"]
[Result "0-1"]
[WhiteElo "2635"]
[BlackElo "2610"]

1.e4 e5 2.Nf3 Nc6 3.Bb5 Nf6 4.O-O Bc5 5.Nxe5 Nxe5 6.d4 a6 7.dxe5 axb5 8.exf6 Qxf6
9.Nc3 c6 10.Qd3 O-O 11.Be3 Bxe3 12.Qxe3 Re8 13.Qc5 d6 14.Qb4 Qf4 15.a3 Re6
16.Rad1 Rh6 17.g3 Qf3 18.Rd3 Qh5 19.h4 g5 20.Rxd6 Bh3 21.e5 Rxd6 22.exd6 Qf3
23.Qe4 Qxe4 24.Nxe4 Bxf1 25.Kxf1 gxh4 26.gxh4 Rd8 27.Ke2 f5 28.Ng3 Rxd6 29.Nxf5 Rf6
30.Ng3 Rf4 31.h5 Kf7 32.Ke3 Rh4 33.Kf3 Kf6 34.Ke3 Kg5 35.Kf3 Rf4+ 36.Ke3 Kg4
37.Ke2 Rf3  0-1

[Event "Linares"]
[Site "Linares"]
[Date "1993.??.??"]
[Round "13"]
[White "Ljubojevic, Ljubomir"]
[Black "Ivanchuk, Vassily"]
[Result "1/2-1/2"]
[WhiteElo "2605"]
[BlackElo "2710"]

1.e4 c5 2.Nf3 Nc6 3.d4 cxd4 4.Nxd4 e5 5.Nb5 d6 6.c4 Be7 7.N1c3 a6 8.Na3 Be6
9.Nc2 Rc8 10.Bd2 Bg5 11.Bxg5 Qxg5 12.Qd2 h6 13.Rd1 Qxd2+ 14.Kxd2 Nf6 15.f3 Ke7
16.Bd3 Rc7 17.Rc1 Rhc8 18.Nd5+ Bxd5 19.cxd5 Nb8 20.Ne3 Rxc1 21.Nf5+ Kd8 22.Rxc1 Rxc1
23.Kxc1 Ne8 24.g4 Nd7 25.b4 Kc7 26.a4 Ndf6 27.a5 h5 28.g5 Nh7 29.h4 f6 30.gxf6 Nhxf6
31.Kd2 Kd8 32.Ke3 Ng8 33.Ng3 Nef6 34.Nf5 Ne8 35.Bf1 Ne7 36.Nxe7 Kxe7 37.Bh3 Kd8
38.Bf5 Nf6 39.Kd3 Ng8 40.Bg6 Nf6 41.Ke3 Kc7 42.Kf2 Kd8 43.Kg3 Kc7 44.f4 b5
45.Kf3 Kd7 46.Bf7 Kc7 47.Be6 Kb8  1/2-1/2

[Event "Linares"]
[Site "Linares"]
[Date "1993.??.??"]
[Round "13"]
[White "Jussupow, Artur"]
[Black "Shirov, Alexei"]
[Result "1/2-1/2"]
[WhiteElo "2645"]
[BlackElo "2670"]

1.d4 d5 2.c4 c6 3.Nf3 Nf6 4.Nc3 e6 5.Bg5 dxc4 6.e4 b5 7.e5 h6 8.Bh4 g5 9.Nxg5 hxg5
10.Bxg5 Nbd7 11.exf6 Bb7 12.g3 c5 13.d5 Bh6 14.Bxh6 Rxh6 15.Qd2 Qxf6 16.O-O-O Bxd5
17.Nxd5 exd5 18.Bg2 Nb6 19.Qe3+ Kf8 20.Qxc5+ Kg8 21.Qd4 Re8 22.Bxd5 Qxd4
23.Rxd4 Re2 24.Be4 c3 25.bxc3 Na4 26.Bc2 Nxc3 27.Rd2 Nxa2+ 28.Kd1 Nc3+ 29.Kc1 Rhe6
30.Bd3 R2e5 31.Kb2 b4 32.Ra1 a5 33.Bc2 Ra6 34.f4 Re3 35.Rd4 Re2 36.Rxb4 Rc6
37.Rxa5 Nd1+ 38.Kc1 Rcxc2+ 39.Kxd1 Red2+ 40.Ke1 Rxh2 41.Kd1 Rcg2 42.Re4  1/2-1/2